| 000 | 00538nam a22001937a 4500 | ||
|---|---|---|---|
| 003 | NUST - PNEC | ||
| 005 | 20170116180822.0 | ||
| 008 | 150624b xxu||||| |||| 00| 0 eng d | ||
| 020 | _a007990352 | ||
| 040 | _cLIBRARY | ||
| 082 | _a512.9434 AYR | ||
| 100 |
_94183 _aAyres, Frank |
||
| 245 |
_aSchaum's outline of theory and problems of matrices _cAyres, Frank |
||
| 250 | _aAsian Student edition | ||
| 260 |
_aSingapore: _bMcGraw-Hill, |
||
| 300 |
_a218 p. : _c27 cm |
||
| 650 |
_94184 _aMatrices, mathematics _xME |
||
| 942 |
_2ddc _cBK |
||
| 999 |
_c63781 _d63781 |
||